Проблемы васкулярной патологии мозга и психофармакологии : (Record no. 302061)
[ view plain ]
| 000 -LEADER | |
|---|---|
| fixed length control field | 01442nam a2200277 a 4500 |
| 001 - CONTROL NUMBER | |
| control field | 000842224 |
| 003 - CONTROL NUMBER IDENTIFIER | |
| control field | AM-YeHGA |
| 005 - DATE AND TIME OF LATEST TRANSACTION | |
| control field | 20250617144850.0 |
| 008 - FIXED-LENGTH DATA ELEMENTS--GENERAL INFORMATION | |
| fixed length control field | 111028s1977 ||||||||r|||||000|0|rus|d |
| 040 ## - CATALOGING SOURCE | |
| Original cataloging agency | AM-YeHGA |
| 041 0# - LANGUAGE CODE | |
| Language code of text/sound track or separate title | rus |
| 090 ## - LOCALLY ASSIGNED LC-TYPE CALL NUMBER (OCLC); LOCAL CALL NUMBER (RLIN) | |
| -- | 303760 |
| 245 00 - TITLE STATEMENT | |
| Title | Проблемы васкулярной патологии мозга и психофармакологии : |
| Remainder of title | Материалы I съезда невропатологов, и психиатров ЭССР (31 марта - 1 апреля 1977 г.) / Общество невропатологов, нейрохирургов и психиатров ЭССР, МЗ ЭССР. |
| 260 ## - PUBLICATION, DISTRIBUTION, ETC. | |
| Place of publication, distribution, etc. | Таллин : |
| Name of publisher, distributor, etc. | [Б. и.], |
| Date of publication, distribution, etc. | 1977. |
| 300 ## - PHYSICAL DESCRIPTION | |
| Extent | 159 с. ; |
| Dimensions | 20 см. |
| 650 14 - SUBJECT ADDED ENTRY--TOPICAL TERM | |
| Topical term or geographic name entry element | Съезды, симпозиумы |
| 650 14 - SUBJECT ADDED ENTRY--TOPICAL TERM | |
| Topical term or geographic name entry element | Цереброваскулярные расстройства |
| 650 14 - SUBJECT ADDED ENTRY--TOPICAL TERM | |
| Topical term or geographic name entry element | Патология клиническая |
| 650 14 - SUBJECT ADDED ENTRY--TOPICAL TERM | |
| Topical term or geographic name entry element | Признаки и симптомы |
| 650 14 - SUBJECT ADDED ENTRY--TOPICAL TERM | |
| Topical term or geographic name entry element | Психофармакология |
| 650 14 - SUBJECT ADDED ENTRY--TOPICAL TERM | |
| Topical term or geographic name entry element | Психотропные средства |
| 650 14 - SUBJECT ADDED ENTRY--TOPICAL TERM | |
| Topical term or geographic name entry element | Психохирургия |
| 700 1# - ADDED ENTRY--PERSONAL NAME | |
| Personal name | Общество невропатологов, нейрохирургов и психиатров ЭССР |
| 700 1# - ADDED ENTRY--PERSONAL NAME | |
| Personal name | Министерство здравоохранения ЭССР |
| 711 2# - ADDED ENTRY--MEETING NAME | |
| Meeting name or jurisdiction name as entry element | Съезд невропатологов, и психиатров ЭССР |
| Number of part/section/meeting | (1 ; |
| Date of meeting or treaty signing | 1977 ; |
| Location of meeting | Таллин) |
| Withdrawn status | Lost status | Damaged status | Not for loan | Collection | Home library | Current library | Date acquired | Total checkouts | Full call number | Barcode | Date last seen | Price effective from | Koha item type | Public note |
|---|---|---|---|---|---|---|---|---|---|---|---|---|---|---|
| General | Fundamental Scientific Library | Fundamental Scientific Library | 09/01/2017 | PII/391178 | FL0386461 | 09/01/2017 | 09/01/2017 | Գրքեր / Books | 30 Days Loan |
ՀՀ Գիտությունների ազգային ակադեմիայի հիմնարար գիտական գրադարան = Fundamental Scientific Library of NAS RA
All site content, except where otherwise noted, is licensed under a